Dějiny internacionály myšlenky Clarté

Titel: Dějiny internacionály myšlenky Clarté / Vladimír Brett
Verfasser:
Ausgabe: Vyd. 1.
Veröffentlicht: Praha : Academia, 1982
Umfang: 193 S.
Format: Buch
Sprache: Tschechisch
Kein Bild verfügbar
X
Lokale Klassifikation: 57 Frankreich
alg: 9977284
001A    $03004:13-08-01 
001B    $01999:28-05-10 $t22:11:36.000 
001C    $03004:08-08-06 $t08:07:58.000 
001D    $03004:13-08-01 
001U    $0utf8 
001X    $00 
002@    $0Aau 
003@    $0099772841 
003O    $010807582 $aOCoLC 
010@    $acze 
011@    $a1982 
013H    $0z 
021A    $aDějiny internacionály myšlenky Clarté $hVladimír Brett 
028A    $7 $8Brett, Vladimír [Tnx] $9168394529 
032@    $aVyd. 1. 
033A    $pPraha $nAcademia 
034D    $a193 S. 
046M    $aLiteraturverz. S. 185 

lok: 9977284 24
101B    $028-09-09 $t14:19:26.000 
101C    $013-08-01 
101U    $0utf8 
145Z/01 $a57 Frankreich 

exp: 9977284 24 1 #EPN
201B/01 $008-08-06 $t08:07:58.000 
201C/01 $013-08-01 
203@/01 $0162501382 
208@/01 $a13-08-01 $bz 
209A/01 $a01.2643 $du $f050 $h01 2643 $x00 
209C/01 $a01.2643 T $h01 2643 T 
209G/01 $a71527590 $x00 
247C/01 $8358050-7 Marburg, Bibliothek des Herder-Instituts Marburg $9102600961 
201U/01 $0utf8
LEADER 00000cam a2200000 c 4500
001 099772841
003 DE-603
005 20100528221136.0
007 tu
008 010813s1982 xx |||| | u00||u|cze c
035 |a (DE-599)HEB099772841 
035 |a (OCoLC)10807582 
040 |a DE-603  |b ger  |c DE-603  |d DE-603 
041 |a cze 
100 1 |a Brett, Vladimír  |0 (DE-603)168394529 
245 0 0 |a Dějiny internacionály myšlenky Clarté  |c Vladimír Brett 
250 |a Vyd. 1. 
264 1 |a Praha  |b Academia  |c 1982 
300 |a 193 S. 
504 |a Literaturverz. S. 185 
924 0 |9 Mb 50  |a (DE-603)162501382  |b DE-Mb50  |c HES  |d c  |g 01.2643